[Event "POL-UKR U26"]
[Site "Katowice"]
[Date "2014.10.08"]
[Round "2.18"]
[White "Antoshkiv, Anastasiya"]
[Black "Leks, Hanna"]
[Result "1/2-1/2"]
[WhiteElo "1827"]
[BlackElo "2198"]
[PlyCount "63"]
[EventDate "2014.10.08"]
[EventType "team-match"]
[EventRounds "4"]
[EventCountry "POL"]
[SourceTitle "EXT 2015"]
[Source "ChessBase"]
[SourceDate "2014.11.20"]
[SourceVersion "1"]
[SourceVersionDate "2014.11.20"]
[SourceQuality "1"]
[WhiteTeam "Ternopol Economic Univ"]
[BlackTeam "Katowice Economic Univ"]
[WhiteTeamCountry "UKR"]
[BlackTeamCountry "POL"]

1. e4 c5 2. Nf3 d6 3. d4 cxd4 4. Nxd4 Nf6 5. Nc3 Nc6 6. Be2 e5 7. Nb3 Be7 8. Bg5 Be6 9. Bxf6 Bxf6 10. Nd5 0-0 11. 0-0 Bxd5 12. Qxd5 Qc7 13. c3 Bg5 14. Bg4 Rad8 15. Qd3 Ne7 16. c4 g6 17. Rad1 a5 18. Na1 Kh8 19. Nc2 f5 20. Bf3 Nc6 21. b3 Qe7 22. Qc3 f4 23. Rd5 b6 24. Rfd1 Bf6 25. Qd2 Nd4 26. Nxd4 exd4 27. Rxd4 Bxd4 28. Qxd4+ Qe5 29. Qxb6 Qc5 30. Qxc5 dxc5 31. Rd5 Rc8 32. Kf1 1/2-1/2

[Event "BL 1011 (Women)"]
[Site "Germany"]
[Date "2011.03.12"]
[Round "10.5"]
[White "Schmidt, Jade"]
[Black "Leks, Hanna"]
[Result "1/2-1/2"]
[WhiteElo "2048"]
[BlackElo "2198"]
[PlyCount "54"]
[EventDate "2010.11.06"]
[EventType "team-tourn"]
[EventRounds "11"]
[EventCountry "GER"]
[SourceTitle "EXT 2012"]
[Source "ChessBase"]
[SourceDate "2011.11.24"]
[SourceVersion "1"]
[SourceVersionDate "2011.11.24"]
[SourceQuality "1"]
[WhiteTeam "Hamburger SK (W)"]
[BlackTeam "Schott Mainz (W)"]
[WhiteTeamCountry "GER"]
[BlackTeamCountry "GER"]

1. d4 Nf6 2. c4 d6 3. Nc3 Nbd7 4. e4 e5 5. d5 Nc5 6. f3 a5 7. Be3 g6 8. Bd3 Bg7 9. Nge2 0-0 10. Qd2 Nh5 11. g4 Nf4 12. Nxf4 exf4 13. Bxf4 f5 14. gxf5 gxf5 15. 0-0-0 Nxd3+ 16. Qxd3 fxe4 17. Qxe4 Bf5 18. Qe3 Qh4 19. Rhg1 Rae8 20. Qd2 Kh8 21. Be3 Rxe3 22. Rxg7 Rd3 23. Qg5 Rxd1+ 24. Nxd1 Qxc4+ 25. Nc3 Qf1+ 26. Nd1 Qc4+ 27. Nc3 Qf1+ 1/2-1/2

[Event "BL 1011 (Women)"]
[Site "Germany"]
[Date "2010.11.07"]
[Round "2.6"]
[White "Leks, Hanna"]
[Black "Stemmler, Lysan"]
[Result "1-0"]
[WhiteElo "2198"]
[BlackElo "1835"]
[PlyCount "71"]
[EventDate "2010.11.06"]
[EventType "team-tourn"]
[EventRounds "11"]
[EventCountry "GER"]
[SourceTitle "EXT 2012"]
[Source "ChessBase"]
[SourceDate "2011.11.24"]
[SourceVersion "1"]
[SourceVersionDate "2011.11.24"]
[SourceQuality "1"]
[WhiteTeam "Schott Mainz (W)"]
[BlackTeam "Torgelow (W)"]
[WhiteTeamCountry "GER"]
[BlackTeamCountry "GER"]

1. e4 d6 2. d4 Nf6 3. Nc3 Nbd7 4. f4 c5 5. d5 g6 6. Nf3 Bg7 7. e5 dxe5 8. fxe5 Ng4 9. e6 Nde5 10. Bb5+ Kf8 11. 0-0 f6 12. Nxe5 Nxe5 13. Bf4 f5 14. Qe2 Ng4 15. Qxg4 Bd4+ 16. Kh1 fxg4 17. Bc7+ Kg7 18. Rf7+ Kh6 19. Bxd8 Rxd8 20. Rxe7 a6 21. Be2 b5 22. Bxg4 b4 23. Ne2 Bxb2 24. Rf1 a5 25. h4 Ba6 26. Rff7 Rh8 27. d6 Be5 28. d7 Bd6 29. Bf3 Rad8 30. Nf4 Bxe7 31. Rxe7 Bc4 32. Bd5 Bxd5 33. Nxd5 Rhf8 34. Nc7 g5 35. Re8 Kg7 36. Rxd8 1-0

[Event "POL-chT 2st League"]
[Site "Mrzezyno"]
[Date "2010.09.09"]
[Round "6.5"]
[White "Leks, Hanna"]
[Black "Sygulski, Artur"]
[Result "1-0"]
[WhiteElo "2198"]
[BlackElo "2391"]
[PlyCount "109"]
[EventDate "2010.09.04"]
[EventType "team-swiss"]
[EventRounds "9"]
[EventCountry "POL"]
[SourceTitle "EXT 2019"]
[Source "ChessBase"]
[SourceDate "2018.10.10"]
[SourceVersion "1"]
[SourceVersionDate "2018.10.10"]
[SourceQuality "1"]
[WhiteTeam "Warszawa Polonia II"]
[BlackTeam "Koszalin Hetman Politechnika"]
[WhiteTeamCountry "POL"]
[BlackTeamCountry "POL"]

1. e4 e5 2. d4 exd4 3. Qxd4 Nc6 4. Qe3 Bb4+ 5. Bd2 Qe7 6. Nc3 Nf6 7. 0-0-0 0-0 8. Nd5 Nxd5 9. exd5 Qxe3 10. Bxe3 Ne5 11. a3 Be7 12. h3 d6 13. Ne2 c5 14. dxc6 bxc6 15. Nd4 Bd7 16. f4 Ng6 17. Bd3 Rfe8 18. Bf5 Bxf5 19. Nxf5 Nh4 20. Nxe7+ Rxe7 21. Bd4 Nf5 22. Bf2 d5 23. Rhe1 Re6 24. c4 Rxe1 25. Rxe1 dxc4 26. Bxa7 g5 27. Bc5 gxf4 28. Re4 Ng3 29. Rxc4 Re8 30. Bf2 Ne4 31. Bh4 c5 32. a4 f5 33. a5 Kf7 34. a6 Ra8 35. Ra4 Ke6 36. a7 Kd5 37. Kd1 Nd6 38. Ke2 Nb5 39. Kf3 Rxa7 40. Rxa7 Nxa7 41. Kxf4 Ke6 42. Bf2 Nb5 43. Bxc5 Kf6 44. b4 h6 45. Bf8 Nc7 46. Ke3 Ke5 47. Kd3 h5 48. Kc4 Ne6 49. Be7 Nf4 50. b5 Nd5 51. Kc5 Ke6 52. Bd8 Nf4 53. b6 Kd7 54. b7 Ne6+ 55. Kc4 1-0

[Event "POL-chT 2st League"]
[Site "Mrzezyno"]
[Date "2010.09.04"]
[Round "1.66"]
[White "Dziopa, Malgorzata"]
[Black "Leks, Hanna"]
[Result "0-1"]
[WhiteElo "1809"]
[BlackElo "2198"]
[PlyCount "70"]
[EventDate "2010.09.04"]
[EventType "team-swiss"]
[EventRounds "9"]
[EventCountry "POL"]
[SourceTitle "EXT 2019"]
[Source "ChessBase"]
[SourceDate "2018.10.10"]
[SourceVersion "1"]
[SourceVersionDate "2018.10.10"]
[SourceQuality "1"]
[WhiteTeam "Lubsko Caissa"]
[BlackTeam "Warszawa Polonia II"]
[WhiteTeamCountry "POL"]
[BlackTeamCountry "POL"]

1. d4 Nf6 2. c4 d6 3. Nc3 Nbd7 4. Nf3 e5 5. dxe5 dxe5 6. e4 c6 7. Be2 Bb4 8. Qc2 0-0 9. 0-0 a5 10. Rd1 Qc7 11. Bg5 h6 12. Bh4 Nh5 13. a3 Bxc3 14. Qxc3 Nf4 15. Bf1 Re8 16. Qe3 a4 17. Ne1 Ne6 18. Nc2 Ndc5 19. f3 Nb3 20. Rab1 Ned4 21. Nxd4 Nxd4 22. Bg3 c5 23. f4 exf4 24. Bxf4 Qc6 25. Bd3 Bf5 26. e5 Bxd3 27. Qxd3 Rad8 28. Qf1 Re6 29. Qf2 Rg6 30. Rf1 Qe6 31. Rbc1 Nb3 32. Rc3 Rd4 33. Be3 Rxc4 34. Rxc4 Qxc4 35. Rc1 Nxc1 0-1

[Event "Wroclaw op 5th"]
[Site "Wroclaw"]
[Date "2010.07.02"]
[Round "9"]
[White "Orzechowski, Jacek"]
[Black "Leks, Hanna"]
[Result "1-0"]
[WhiteElo "2282"]
[BlackElo "2158"]
[PlyCount "103"]
[EventDate "2010.06.26"]
[EventType "swiss"]
[EventRounds "9"]
[EventCountry "POL"]
[SourceTitle "CBM 137 Extra"]
[Source "ChessBase"]
[SourceDate "2010.09.01"]
[SourceVersion "1"]
[SourceVersionDate "2010.09.01"]
[SourceQuality "1"]

1. c4 d6 2. Nc3 g6 3. d4 Bg7 4. e4 Nd7 5. Nf3 e5 6. d5 Ngf6 7. Be2 0-0 8. Bg5 a6 9. Nd2 h6 10. Bh4 Qe8 11. b4 b6 12. a4 a5 13. bxa5 bxa5 14. Nb3 Nc5 15. Nxc5 dxc5 16. f3 Ba6 17. Bf2 Qe7 18. Nb5 Rfc8 19. Qd2 Bb7 20. Rb1 Bf8 21. 0-0 Nd7 22. Be3 g5 23. d6 cxd6 24. Nxd6 Qxd6 25. Qxd6 Bxd6 26. Rxb7 Nb8 27. Rd1 Rc6 28. h4 f6 29. hxg5 hxg5 30. Kf2 Na6 31. Rh1 Nc7 32. g3 Bf8 33. Bf1 Raa6 34. Bh3 Rab6 35. Rb1 Rxb1 36. Rxb1 Kf7 37. Ke2 Na8 38. Rb7+ Kg8 39. Bd7 Rb6 40. Rxb6 Nxb6 41. Bb5 Kf7 42. Bd2 Bd6 43. Bxa5 Bc7 44. Bd2 Ke6 45. Kd3 Kd6 46. Kc3 Nc8 47. Kb3 Ne7 48. a5 Nc6 49. Bxc6 Kxc6 50. Ka4 Bd6 51. a6 Bb8 52. Ba5 1-0

[Event "Wch U20 Girls"]
[Site "Puerto Madryn"]
[Date "2009.10.30"]
[Round "9"]
[White "Leks, Hanna"]
[Black "Guo, Emma"]
[Result "1-0"]
[WhiteElo "2169"]
[BlackElo "1920"]
[PlyCount "89"]
[EventDate "2009.10.22"]
[EventType "swiss"]
[EventRounds "13"]
[EventCountry "ARG"]
[SourceTitle "EXT 2010"]
[Source "ChessBase"]
[SourceDate "2010.11.25"]
[SourceVersion "1"]
[SourceVersionDate "2010.11.25"]
[SourceQuality "1"]

1. e4 g6 2. d4 Bg7 3. Nc3 c5 4. d5 d6 5. Bb5+ Nd7 6. a4 a6 7. Be2 Ngf6 8. Nf3 0-0 9. 0-0 b6 10. Re1 Bb7 11. Bf4 Qc7 12. Nd2 Rab8 13. Bf1 Bc8 14. h3 Nh5 15. Bg5 Bf6 16. Bxf6 exf6 17. Nc4 Ne5 18. Qd2 Qe7 19. f4 Nxc4 20. Bxc4 g5 21. fxg5 fxg5 22. e5 Nf4 23. exd6 Qxd6 24. Ne4 Qh6 25. Qc3 Nh5 26. Rf1 f6 27. d6+ Kg7 28. Rae1 b5 29. axb5 axb5 30. Bd5 Nf4 31. Qxc5 Nxg2 32. Kxg2 Bxh3+ 33. Kg1 Bxf1 34. Rxf1 Qh3 35. Qa7+ Kg6 36. Qf2 f5 37. Nc5 Qg4+ 38. Bg2 Rbe8 39. c3 Qc4 40. Qd4 Qf7 41. d7 Rd8 42. Qd6+ Qf6 43. Rd1 Rf7 44. Qxf6+ Kxf6 45. Bc6 1-0

[Event "Wch U20 Girls"]
[Site "Puerto Madryn"]
[Date "2009.10.23"]
[Round "2"]
[White "De Leon, Patricia O"]
[Black "Leks, Hanna"]
[Result "0-1"]
[WhiteElo "1741"]
[BlackElo "2169"]
[PlyCount "86"]
[EventDate "2009.10.22"]
[EventType "swiss"]
[EventRounds "13"]
[EventCountry "ARG"]
[SourceTitle "EXT 2010"]
[Source "ChessBase"]
[SourceDate "2010.11.25"]
[SourceVersion "1"]
[SourceVersionDate "2010.11.25"]
[SourceQuality "1"]

1. d4 Nf6 2. c4 d6 3. Nc3 Nbd7 4. e4 e5 5. d5 g6 6. f3 Bg7 7. Bg5 a5 8. Qd2 h6 9. Be3 Nc5 10. Nge2 Bd7 11. Nc1 Nh5 12. Nd3 Nxd3+ 13. Bxd3 a4 14. c5 0-0 15. Bb5 Bxb5 16. Nxb5 Qd7 17. Nc3 Kh7 18. 0-0-0 Rfb8 19. Kb1 dxc5 20. Bxc5 b6 21. Bb4 Nf6 22. Qe2 b5 23. a3 Ne8 24. Na2 Bf6 25. Rc1 Ra6 26. Rc2 Bg5 27. Bc5 Nd6 28. Nb4 Raa8 29. Bxd6 cxd6 30. Nc6 Rb7 31. Qf2 Bd8 32. f4 b4 33. Nxb4 Bb6 34. Qg3 exf4 35. Qxf4 Bc5 36. Rf1 Bxb4 37. axb4 Qb5 38. e5 dxe5 39. Qf6 Qxd5 40. Rcf2 Qe4+ 41. Ka1 a3 42. b3 Qd4+ 43. Ka2 Qxb4 0-1

[Event "Kolobrzeg op 10th"]
[Site "Kolobrzeg"]
[Date "2009.08.21"]
[Round "5"]
[White "Leks, Hanna"]
[Black "Grabarczyk, Miroslaw"]
[Result "1/2-1/2"]
[WhiteElo "2145"]
[BlackElo "2480"]
[PlyCount "89"]
[EventDate "2009.08.17"]
[EventType "swiss"]
[EventRounds "9"]
[EventCountry "POL"]
[SourceTitle "CBM 131 Extra"]
[Source "ChessBase"]
[SourceDate "2009.09.03"]
[SourceVersion "2"]
[SourceVersionDate "2009.09.16"]
[SourceQuality "1"]

1. e4 c6 2. d4 d5 3. Nc3 g6 4. h3 Bg7 5. Nf3 Nf6 6. e5 Nfd7 7. Be2 f6 8. exf6 exf6 9. 0-0 0-0 10. Bf4 Re8 11. Qd2 g5 12. Be3 Nf8 13. Nh2 Ng6 14. Bh5 Rf8 15. a4 a5 16. Ne2 Ne7 17. Ng3 Ng6 18. Bg4 Nd7 19. Nh5 Nb6 20. b3 Bd7 21. Bxd7 Qxd7 22. f4 gxf4 23. Bxf4 Rf7 24. Nxg7 Kxg7 25. Ng4 Kh8 26. Bh2 Qd8 27. Rf5 Nd7 28. Qf2 Ne7 29. Rh5 Ng8 30. Rf1 Qe7 31. Re1 Qf8 32. Re6 Rg7 33. Rf5 Re8 34. Bd6 Qf7 35. Re3 Re6 36. Ba3 Qe8 37. Rxe6 Qxe6 38. Rf3 Qe4 39. Rf4 Qg6 40. Ne3 Nh6 41. Rh4 Qg5 42. Bd6 Nf7 43. Rg4 Qh5 44. Rh4 Qg5 45. Rg4 1/2-1/2

[Event "Kolobrzeg op 10th"]
[Site "Kolobrzeg"]
[Date "2009.08.20"]
[Round "4"]
[White "Marszalek, Zdzislaw"]
[Black "Leks, Hanna"]
[Result "0-1"]
[WhiteElo "1758"]
[BlackElo "2145"]
[PlyCount "44"]
[EventDate "2009.08.17"]
[EventType "swiss"]
[EventRounds "9"]
[EventCountry "POL"]
[SourceTitle "CBM 131 Extra"]
[Source "ChessBase"]
[SourceDate "2009.09.03"]
[SourceVersion "2"]
[SourceVersionDate "2009.09.16"]
[SourceQuality "1"]

1. e4 c5 2. Nf3 d6 3. c3 Nf6 4. Be2 Nbd7 5. d3 g6 6. Na3 Bg7 7. Nc2 b6 8. Ne3 Bb7 9. c4 0-0 10. 0-0 e6 11. Rb1 a5 12. a4 Rc8 13. b3 Nb8 14. Nc2 Ba6 15. Bg5 Bb7 16. Qc1 Qc7 17. Bf4 Nh5 18. Bh6 f5 19. Bxg7 Nxg7 20. Qh6 fxe4 21. Ng5 Nf5 22. Nxe6 Nxh6 0-1

[Event "Kolobrzeg op 10th"]
[Site "Kolobrzeg"]
[Date "2009.08.17"]
[Round "1"]
[White "Rabeda, Grzegorz"]
[Black "Leks, Hanna"]
[Result "1/2-1/2"]
[WhiteElo "1604"]
[BlackElo "2145"]
[PlyCount "65"]
[EventDate "2009.08.17"]
[EventType "swiss"]
[EventRounds "9"]
[EventCountry "POL"]
[SourceTitle "CBM 131 Extra"]
[Source "ChessBase"]
[SourceDate "2009.09.03"]
[SourceVersion "2"]
[SourceVersionDate "2009.09.16"]
[SourceQuality "1"]

1. d4 Nf6 2. Nf3 e6 3. g3 b6 4. Bg2 Bb7 5. 0-0 Be7 6. Nbd2 0-0 7. Re1 d5 8. c3 Nbd7 9. Qc2 c5 10. b3 Rc8 11. e3 Qc7 12. Bb2 Bd6 13. Rac1 h6 14. Qb1 Ne4 15. Nxe4 dxe4 16. Nd2 f5 17. Qa1 e5 18. Bf1 Rce8 19. Bc4+ Kh7 20. d5 a6 21. b4 b5 22. bxc5 Nxc5 23. Be2 Bxd5 24. c4 bxc4 25. Nxc4 Bxc4 26. Rxc4 Qe7 27. Rd1 Rc8 28. Rdc1 Rcd8 29. Rd1 Qe6 30. Rc2 f4 31. exf4 exf4 32. Bxg7 e3 33. Bc4 1/2-1/2

[Event "Warsaw Najdorf Memorial op-A 07th"]
[Site "Warsaw"]
[Date "2009.07.26"]
[Round "9"]
[White "Leks, Hanna"]
[Black "Nasuta, Grzegorz"]
[Result "1-0"]
[WhiteElo "2145"]
[BlackElo "2044"]
[PlyCount "51"]
[EventDate "2009.07.18"]
[EventType "swiss"]
[EventRounds "9"]
[EventCountry "POL"]
[SourceTitle "CBM 131 Extra"]
[Source "ChessBase"]
[SourceDate "2009.09.03"]
[SourceVersion "2"]
[SourceVersionDate "2009.09.16"]
[SourceQuality "1"]

1. e4 c5 2. Nf3 d6 3. d4 cxd4 4. Nxd4 Nf6 5. f3 a6 6. c4 e6 7. Nc3 b6 8. Be2 Bb7 9. 0-0 Nbd7 10. Be3 Be7 11. Qd2 0-0 12. Rfc1 Rc8 13. Rab1 Qc7 14. b4 Qb8 15. Na4 Bd8 16. Kh1 Re8 17. Bg1 Bc7 18. Rc2 Red8 19. Qc1 h5 20. c5 b5 21. c6 bxa4 22. cxb7 Qxb7 23. Nc6 Re8 24. Na7 d5 25. Nxc8 Rxc8 26. b5 1-0

[Event "Warsaw Najdorf Memorial op-A 07th"]
[Site "Warsaw"]
[Date "2009.07.24"]
[Round "7"]
[White "Wojciechowski, Piotr"]
[Black "Leks, Hanna"]
[Result "1-0"]
[WhiteElo "2279"]
[BlackElo "2145"]
[PlyCount "81"]
[EventDate "2009.07.18"]
[EventType "swiss"]
[EventRounds "9"]
[EventCountry "POL"]
[SourceTitle "CBM 131 Extra"]
[Source "ChessBase"]
[SourceDate "2009.09.03"]
[SourceVersion "2"]
[SourceVersionDate "2009.09.16"]
[SourceQuality "1"]

1. e4 c5 2. Nf3 d6 3. d4 cxd4 4. Nxd4 Nf6 5. Nc3 Nc6 6. Bg5 e6 7. Qd2 a6 8. 0-0-0 Qb6 9. Nxc6 bxc6 10. Bc4 Qb4 11. Bb3 Be7 12. a3 Qa5 13. Kb1 Bd7 14. Rhe1 Qc7 15. f4 h6 16. Bh4 g5 17. fxg5 Ng4 18. e5 d5 19. h3 hxg5 20. Bxg5 Bxg5 21. Qxg5 Nh6 22. g4 Kf8 23. Rf1 Qd8 24. Rf6 Be8 25. Qh5 Kg7 26. Qg5+ Kf8 27. Qh5 Kg7 28. Rdf1 Qe7 29. Qg5+ Kf8 30. Qg6 Bd7 31. Qh5 Kg7 32. Qg5+ Kf8 33. Rxh6 Qxg5 34. Rxh8+ Ke7 35. Rxa8 c5 36. Ra7 Ke8 37. Ba4 Bxa4 38. Nxa4 Qd2 39. Rfxf7 Qd1+ 40. Ka2 Qxc2 41. Rfb7 1-0

[Event "Warsaw Najdorf Memorial op-A 07th"]
[Site "Warsaw"]
[Date "2009.07.22"]
[Round "5"]
[White "Leks, Hanna"]
[Black "Krainski, Aleksander"]
[Result "1/2-1/2"]
[WhiteElo "2145"]
[BlackElo "2288"]
[PlyCount "95"]
[EventDate "2009.07.18"]
[EventType "swiss"]
[EventRounds "9"]
[EventCountry "POL"]
[SourceTitle "CBM 131 Extra"]
[Source "ChessBase"]
[SourceDate "2009.09.03"]
[SourceVersion "2"]
[SourceVersionDate "2009.09.16"]
[SourceQuality "1"]

1. e4 c6 2. d4 d5 3. Nc3 dxe4 4. Nxe4 Nd7 5. Ng5 Ngf6 6. Bd3 e6 7. N1f3 Bd6 8. Qe2 h6 9. Ne4 Nxe4 10. Qxe4 Qc7 11. Qg4 Kf8 12. Qe4 c5 13. Qe2 b6 14. Bd2 Bb7 15. 0-0-0 Rc8 16. dxc5 Nxc5 17. Bc3 Na4 18. Bd4 Bxf3 19. gxf3 e5 20. Bb5 exd4 21. Bxa4 Bc5 22. Kb1 g6 23. h4 h5 24. Qd2 Kg7 25. f4 f5 26. Rhg1 Kh7 27. Rde1 Rhg8 28. Re6 Rg7 29. Be8 Rxe8 30. Rxe8 a5 31. Re6 Qd8 32. Qd3 Qxh4 33. Qf3 d3 34. cxd3 Qxf2 35. Qxf2 Bxf2 36. Rg2 Bd4 37. a4 Kh6 38. Rh2 Rc7 39. Ka2 Rd7 40. Kb3 Bc5 41. Kc3 Rd4 42. Rg2 Rxf4 43. Rexg6+ Kh7 44. Rg7+ Kh8 45. R7g5 Rh4 46. Rxf5 Bd4+ 47. Kb3 Kh7 48. Rfg5 1/2-1/2

[Event "Warsaw Najdorf Memorial op-A 07th"]
[Site "Warsaw"]
[Date "2009.07.20"]
[Round "3"]
[White "Leks, Hanna"]
[Black "Brzeski, Maciej"]
[Result "1/2-1/2"]
[WhiteElo "2145"]
[BlackElo "2361"]
[PlyCount "25"]
[EventDate "2009.07.18"]
[EventType "swiss"]
[EventRounds "9"]
[EventCountry "POL"]
[SourceTitle "CBM 131 Extra"]
[Source "ChessBase"]
[SourceDate "2009.09.03"]
[SourceVersion "2"]
[SourceVersionDate "2009.09.16"]
[SourceQuality "1"]

1. e4 c5 2. Nf3 d6 3. d4 cxd4 4. Nxd4 Nf6 5. f3 e5 6. Nb3 d5 7. Bg5 Be6 8. exd5 Qxd5 9. Nc3 Qxd1+ 10. Rxd1 Bb4 11. Bd2 Nc6 12. Nb5 Bxd2+ 13. Rxd2 1/2-1/2

[Event "Pobeskydy ArcelorMittal op"]
[Site "Frydek Mistek"]
[Date "2009.04.12"]
[Round "8"]
[White "Leks, Hanna"]
[Black "Framberk, Jan"]
[Result "1-0"]
[WhiteElo "2174"]
[BlackElo "2022"]
[PlyCount "85"]
[EventDate "2009.04.09"]
[EventType "swiss"]
[EventRounds "9"]
[EventCountry "CZE"]
[SourceTitle "CBM 129 Extra"]
[Source "ChessBase"]
[SourceDate "2009.05.05"]
[SourceVersion "2"]
[SourceVersionDate "2009.05.20"]
[SourceQuality "1"]

1. e4 c5 2. Nf3 d6 3. d4 cxd4 4. Nxd4 Nf6 5. Nc3 Nc6 6. Bg5 e6 7. Bb5 Bd7 8. Bxc6 bxc6 9. Qf3 Qa5 10. Bxf6 gxf6 11. Qxf6 Rg8 12. Qf3 Rb8 13. Nb3 Qe5 14. g3 c5 15. Qe2 Bc6 16. f4 Qf6 17. 0-0-0 Qe7 18. Na5 Qc7 19. Nxc6 Qxc6 20. Rhe1 Qb6 21. b3 Qb4 22. Kb2 Bg7 23. e5 d5 24. Qa6 Qb6 25. Qxb6 Rxb6 26. Na4 Rc6 27. c4 d4 28. b4 cxb4 29. Rxd4 Bf8 30. Red1 Be7 31. Kb3 Rc7 32. c5 a5 33. Kc4 f6 34. exf6 Bxf6 35. Rd6 Kf7 36. Rd7+ Rxd7 37. Rxd7+ Kg6 38. c6 Rc8 39. c7 Bd8 40. Rxd8 Rxc7+ 41. Nc5 Kf5 42. h3 Rg7 43. Rf8+ 1-0

[Event "Pobeskydy ArcelorMittal op"]
[Site "Frydek Mistek"]
[Date "2009.04.09"]
[Round "2"]
[White "Motycakova, Monika"]
[Black "Leks, Hanna"]
[Result "0-1"]
[WhiteElo "2020"]
[BlackElo "2174"]
[PlyCount "68"]
[EventDate "2009.04.09"]
[EventType "swiss"]
[EventRounds "9"]
[EventCountry "CZE"]
[SourceTitle "CBM 129 Extra"]
[Source "ChessBase"]
[SourceDate "2009.05.05"]
[SourceVersion "2"]
[SourceVersionDate "2009.05.20"]
[SourceQuality "1"]

1. e4 c5 2. Nf3 d6 3. c3 Nf6 4. Bd3 Nc6 5. Bc2 Bg4 6. d3 e6 7. Nbd2 Be7 8. h3 Bh5 9. Nf1 0-0 10. Ng3 Bg6 11. 0-0 Rc8 12. Qe2 d5 13. Nh4 Nd7 14. Nxg6 hxg6 15. f4 Bh4 16. Qf3 d4 17. Ne2 b5 18. a3 a5 19. Bd2 Bf6 20. Qg4 dxc3 21. bxc3 b4 22. e5 Be7 23. h4 bxc3 24. Nxc3 Nd4 25. Bd1 Nf5 26. g3 c4 27. Qf3 cxd3 28. Qxd3 Nxe5 29. Qxd8 Rfxd8 30. fxe5 Rxd2 31. Rf3 Nd4 32. Re3 Bc5 33. Ne4 Nf3+ 34. Kf1 Bxe3 0-1

[Event "Warsaw AIG Life rapid 8th"]
[Site "Warsaw"]
[Date "2008.12.20"]
[Round "5"]
[White "Kuzmicz, Krystian"]
[Black "Leks, Hanna"]
[Result "1-0"]
[WhiteElo "2408"]
[BlackElo "2182"]
[PlyCount "67"]
[EventDate "2008.12.20"]
[EventType "swiss (rapid)"]
[EventRounds "13"]
[EventCountry "POL"]
[SourceTitle "CBM 127 Extra"]
[Source "ChessBase"]
[SourceDate "2009.01.08"]
[SourceVersion "2"]
[SourceVersionDate "2009.01.28"]
[SourceQuality "1"]

1. e4 c5 2. d3 d6 3. g3 g6 4. Bg2 Bg7 5. f4 Nc6 6. Nf3 e5 7. 0-0 Nge7 8. f5 gxf5 9. Nh4 f4 10. Qh5 Ng6 11. Nf5 Bf6 12. Nc3 Be6 13. Nd5 Bxd5 14. exd5 Nd4 15. Nxd4 cxd4 16. gxf4 Qc7 17. Rf2 Qe7 18. Bd2 0-0-0 19. Raf1 Bh4 20. Re2 Kb8 21. f5 Nf8 22. f6 Bxf6 23. Ref2 Nd7 24. Qh6 Rc8 25. c4 Rhg8 26. Rxf6 Nxf6 27. Qxf6 Qxf6 28. Rxf6 e4 29. b3 e3 30. Be1 Rg7 31. Bg3 Re8 32. Kf1 h5 33. Rxd6 Ka8 34. Bf3 1-0

[Event "Cheliabinsk Region-ch op"]
[Site "Cheliabinsk"]
[Date "2008.08.26"]
[Round "8"]
[White "Leks, Hanna"]
[Black "Inyakin, Gennady"]
[Result "0-1"]
[WhiteElo "2042"]
[BlackElo "1678"]
[PlyCount "36"]
[EventDate "2008.08.03"]
[EventType "swiss"]
[EventRounds "9"]
[EventCountry "RUS"]
[SourceTitle "EXT 2022"]
[Source "ChessBase"]
[SourceDate "2021.10.06"]
[SourceVersion "1"]
[SourceVersionDate "2021.10.06"]
[SourceQuality "1"]

1. d4 d6 2. g3 g6 3. Bg2 Bg7 4. Nf3 Nf6 5. c4 c5 6. dxc5 Qa5+ 7. Nfd2 Qxc5 8. 0-0 0-0 9. Nc3 Nc6 10. Rb1 Bf5 11. e4 Bg4 12. Qa4 Ne5 13. b4 Qc7 14. Nd5 Nxd5 15. cxd5 Be2 16. Re1 Bd3 17. Ra1 Bc2 18. Qa3 Nd3 0-1

[Event "Wch U20 Girls"]
[Site "Gaziantep"]
[Date "2008.08.13"]
[Round "11"]
[White "Leks, Hanna"]
[Black "Majdan, Joanna"]
[Result "0-1"]
[WhiteElo "2198"]
[BlackElo "2323"]
[PlyCount "94"]
[EventDate "2008.08.03"]
[EventType "swiss"]
[EventRounds "13"]
[EventCountry "TUR"]
[SourceTitle "CBM 125 Extra"]
[Source "ChessBase"]
[SourceDate "2008.09.01"]
[SourceVersion "1"]
[SourceVersionDate "2008.09.01"]
[SourceQuality "1"]

1. e4 c5 2. Nc3 a6 3. a4 Nc6 4. Nge2 g6 5. d4 cxd4 6. Nxd4 Bg7 7. Nb3 d6 8. Be2 Nf6 9. 0-0 0-0 10. Bg5 Be6 11. Re1 Nb4 12. Nd4 Bd7 13. Bf1 h6 14. Bh4 Rc8 15. Qd2 Kh7 16. h3 Re8 17. f4 e5 18. fxe5 dxe5 19. Nf3 Be6 20. Rad1 Qxd2 21. Rxd2 Nd7 22. Bg3 f6 23. Bf2 Bf8 24. Red1 Rc7 25. Ne1 Rec8 26. Ne2 Nc5 27. Bxc5 Bxc5+ 28. Kh2 Kg7 29. c3 Nc6 30. b4 Be7 31. Rb1 Nb8 32. Nc2 f5 33. exf5 gxf5 34. g3 Nd7 35. Bg2 Nb6 36. a5 Na4 37. Ne3 Nxc3 38. Nxc3 Rxc3 39. Bxb7 Rxe3 40. Bxc8 Bxc8 41. Rc2 Be6 42. Rc6 Re2+ 43. Kg1 Bd5 44. Rxa6 Rg2+ 45. Kf1 Rh2 46. Rd1 Rh1+ 47. Ke2 Bc4+ 0-1